00351nam a2200121 a 450000500170000000800410001705000210005810000220007924500510010126000440015230000210019665000120021720140310183147.0020826s19uu xx 00 eng d aPZ 7b.H674 1970 aHitchcock, Alfred aHapiness is a warm corpse /cAlfred Hitchcock. aUSA :bH.S.D. Publications Inc.,c1970. a205 p. :c48 cm. aFiction